| 000 | 00855cam a22002657a 4500 | ||
|---|---|---|---|
| 003 | CHAP | ||
| 005 | 20220329134626.0 | ||
| 008 | 971013s r 00010 d | ||
| 010 | _a23198 | ||
| 011 | _a24170 | ||
| 035 | _a28269 | ||
| 040 | _cCHAP | ||
| 090 | _aR-1812 | ||
| 100 | 0 | 0 |
_aAyres, P. _99025 |
| 245 | 1 | 4 | _aThe influence of volume rate, nozzle size and forward speed on the activity of three herbicides for the control of weeds in winter cereales |
| 500 | _aSobretiro de: Symp. on Spraying Systems. 1980 pp. 57-64 | ||
| 590 |
_aBATCH-UPD _b10 _c20130110 _lUCH01 _h0909 |
||
| 590 |
_aCONVERSION _b10 _c20130109 _lUCH01 _h1314 |
||
| 650 | 1 | 4 |
_aCereales _xMalas hierbas. _921431 |
| 650 | 1 | 4 |
_aHerbicidas. _953691 |
| 650 | 1 | 4 |
_aMalas hierbas _xControl. _970011 |
| 901 | _aBK | ||
| 942 | _cREIMP | ||
| 949 |
_aR-1812 _bBC _cR _d-65138 _eTS1 _i28269 _si |
||
| 999 |
_c23198 _d23198 |
||